বাংলা একাডেমী বাংলা সাহিত্যকোষ : প্রথম খন্ড, স্বরবর্ণ অংশ /

Détails bibliographiques
Autres auteurs: হোসেন, সেলিনা, ইসলাম, নূরুল
Format: Livre
Langue:Bengali
Publié: ঢাকা : বাংলা একাডেমী, ২০০১.
Sujets:
Classic Catalogue: View this record in Classic Catalogue
LEADER 01499nam a22003017a 4500
001 35460
003 BD-DhAAL
005 20250622143417.0
008 211031t2001 bg ||||| |||| 00| 0 ben d
020 |a 9840742000 
040 |a BD-DhAAL  |d BD-DhAAL 
041 |a ben 
082 |a 954.92003  |2 22 
245 |a বাংলা একাডেমী বাংলা সাহিত্যকোষ :  |n প্রথম খন্ড, স্বরবর্ণ অংশ /  |c সম্পাদনা সেলিনা হোসেন ও নূরুল ইসলাম. 
246 |a Bangla academy bangla sahityakosh 
246 |a Encyclopedia of Banglali literature Vol. 1 
260 |a ঢাকা :  |b বাংলা একাডেমী,  |c ২০০১. 
300 |a ৫০৪ পৃষ্ঠা ;  |c ২২ সে.মি. 
362 |a Vol. 1 
526 |a BIED  
541 |a Complimentary copy from BIED  |e 35460 
651 |a Bangladesh  |x Encyclopedias.  |9 42305 
700 |a হোসেন, সেলিনা.  |9 42306 
700 |a ইসলাম, নূরুল.  |9 42307 
852 |a Ayesha Abed Library  |c General Stacks 
942 |2 ddc  |c BK 
999 |c 43301  |d 43301 
952 |0 0  |1 0  |2 ddc  |3 Need to change call number within the book ; After returning the book, please send it to cataloguing team.  |4 0  |6 954_920030000000000_BAN  |7 0  |9 69459  |a BRACUL  |b BRACUL  |c GEN  |d 2021-10-31  |e Complimentary copy from BIED  |l 0  |o 954.92003 BAN  |p 3010035460  |r 2021-10-31  |t 1  |w 2021-10-31  |y BK  |x Transferred from BIED to General Stacks